Imports And Exports (control) Act,1947 Foreword By (Record no. 1193500)

MARC details
000 -LEADER
fixed length control field 00800nam a2200265Ia 4500
003 - CONTROL NUMBER IDENTIFIER
control field OSt
005 - DATE AND TIME OF LATEST TRANSACTION
control field 20221007111625.0
008 - FIXED-LENGTH DATA ELEMENTS--GENERAL INFORMATION
fixed length control field 221006b |||||||| |||| 00| 0 eng d
037 ## - SOURCE OF ACQUISITION
Terms of availability Textual
040 ## - CATALOGING SOURCE
Original cataloging agency LCO
Transcribing agency LCO
Language of cataloging eng
041 ## - LANGUAGE CODE
Source of code eng
Language code of text/sound track or separate title eng
100 ## - MAIN ENTRY--PERSONAL NAME
Personal name Markandeya Subodh
245 #0 - TITLE STATEMENT
Title Imports And Exports (control) Act,1947 Foreword By
Remainder of title Dr. Nagendra Singh
260 ## - PUBLICATION, DISTRIBUTION, ETC.
Place of publication, distribution, etc. Bombay
Name of publisher, distributor, etc. N.M. Tripathi Private Limited India
Date of publication, distribution, etc. 1977
300 ## - PHYSICAL DESCRIPTION
Extent 307
500 ## - GENERAL NOTE
General note XViii of 1947 as Amended By Act Xii of 1976
650 ## - SUBJECT ADDED ENTRY--TOPICAL TERM
Topical term or geographic name entry element EXPORTS
9 (RLIN) 264470
700 ## - ADDED ENTRY--PERSONAL NAME
Personal name Bhadri Chitra L.
9 (RLIN) 566095
942 ## - ADDED ENTRY ELEMENTS (KOHA)
Classification part X5:545, L7
Koha item type Textual
Holdings
Withdrawn status Lost status Damaged status Not for loan Home library Current library Date acquired Total Checkouts Full call number Barcode Date last seen Price effective from Koha item type
        Law Centre-I Library Law Centre-I Library 2022-10-07   X5:545 L7 LO0010803 2022-10-07 2022-10-07 Textual
Copyright @ Delhi University Library System